Wykreślanka - Państwa Europy - nagła śmierć - Statystyki

Ogólne statystyki
  • Ten quiz został rozwiązany 141 razy
  • Średni wynik to 32 z 50
Answers on the Grid
Answers color-coded by a green-red scale on the quiz's grid according to % correct below.
W
Ę
G
R
Y
Ł
I
Ć
U
T
O
E
S
M
K
C
L
O
U
H
H
U
S
N
E
Y
T
W
I
O
L
P
Ż
A
Ź
M
A
L
T
A
H
D
F
W
P
Ć
L
P
W
E
R
I
O
S
Y
I
T
L
Z
P
S
W
S
W
Ą
D
A
K
E
A
H
I
A
C
N
R
H
I
J
D
O
C
W
A
O
S
T
S
R
R
J
Ó
Ń
M
A
A
H
L
B
A
 
Statystyki odpowiedzi
Odpowiedź % Poprawnych
W
96%
R
95%
G
92%
Ę
91%
Y
91%
A
74%
T
74%
A
73%
L
73%
M
73%
Ł
71%
O
66%
K
64%
O
64%
P
64%
L
63%
S
63%
C
62%
A
61%
A
61%
J
61%
C
60%
H
60%
S
60%
W
60%
E
59%
I
59%
L
59%
W
59%
Y
59%
Z
59%
M
58%
N
58%
T
58%
U
58%
A
57%
R
57%
A
56%
I
56%
O
56%
S
56%
U
56%
A
55%
A
55%
D
55%
J
55%
A
54%
N
54%
O
54%
R
54%
Nie znaleziono quizów pasujących do podanych kryteriów
Rozkład punktacji
Procent ludzi z każdym wynikiem
Percentyl według liczby udzielonych odpowiedzi
Twoja historia wyników
Nie rozwiązałeś tego quizu